| 000 | 00915nam a22003377a 4500 | ||
|---|---|---|---|
| 001 | BR2023002207 | ||
| 003 | BR-BrBNA | ||
| 005 | 20231213153147.0 | ||
| 008 | 231213b bl.||||| |||| 00| 0 por d | ||
| 040 |
_aBR-BrBNA _bpor |
||
| 041 | _apor | ||
| 072 | _aE10 ; E13 | ||
| 090 | _aE10 BR2023002207 | ||
| 110 | 1 |
_96726 _aMinistério da Agricultura e do Abastecimento, Brasília, DF (Brasil) |
|
| 245 | _aNovo plano de safra para o fortalecimento da agricultura | ||
| 260 |
_aBrasília, DF (Brasil) _c1998 |
||
| 300 | _a16 p. | ||
| 500 | _a5 tables | ||
| 650 | _aPOLÍTICA AGRÍCOLA | ||
| 650 | _aSAFRA | ||
| 650 | _aFOMENTO AGRÍCOLA | ||
| 650 | _aFINANCIAMENTO | ||
| 650 | _aCUSTEIO | ||
| 650 | _aINVESTIMENTO | ||
| 650 | _aCOMERCIALIZAÇÃO | ||
| 650 | _aAGRICULTURA FAMILIAR | ||
| 650 | _aEXPORTAÇÃO | ||
| 650 | _aCOMÉRCIO EXTERIOR | ||
| 909 |
_a202312 _bFernando |
||
| 942 | _cBK | ||
| 999 |
_c260006 _d260006 |
||